NBA 2K Covers (00-19) - Statistics

General Stats
  • This quiz has been taken 165 times
  • The average score is 14 of 20
Answer Stats
Game Position Player Name % Correct
NBA 2K SG Allen Iverson
92%
NBA 2K1 SG Allen Iverson
92%
NBA 2K2 SG Allen Iverson
92%
NBA 2K3 SG Allen Iverson
92%
NBA 2K4 SG Allen Iverson
92%
NBA 2K6 C Shaquille O'Neal
77%
NBA 2K19 SF/SF Giannis Antetokounmpo/LeBron James
76%
NBA 2K10 SG Kobe Bryant
73%
NBA 2K7 C Shaquille O'Neal
73%
NBA 2K16 PG/SG/PF Stephen Curry/James Harden/Anthony Davis
72%
NBA 2K14 SF LeBron James
70%
NBA 2K18 PG/C Kyrie Irving/Shaquille O'Neal
67%
NBA 2K17 SF/SG Paul George/Kobe Bryant
67%
NBA 2K15 SF Kevin Durant
65%
NBA 2K9 PF Kevin Garnett
65%
NBA 2K5 C Ben Wallace
63%
NBA 2K11 SG Michael Jordan
61%
NBA 2K8 PG Chris Paul
60%
NBA 2K12 SG Michael Jordan
59%
NBA 2K13 PG/SG/SF Magic Johnson/Michael Jordan/ Larry Bird
36%
No matching quizzes found
Score Distribution
Percent of People with Each Score
Percentile by Number Answered
Your Score History
You have not taken this quiz